| 000 | 01027nam a22003137i 4500 | ||
|---|---|---|---|
| 003 | EG-GICUC | ||
| 005 | 20260405165036.0 | ||
| 008 | 260405s1956 -usadb|fr ||| 001 0 eng d | ||
| 040 |
_aEG-GiCUC _beng _cEG-GiCUC _dEG-GiCUC _erda |
||
| 041 | _aeng | ||
| 082 | 0 | 4 |
_221 _a341.33 _bLE . M |
| 092 | 0 | 4 | _221 |
| 099 | _aLaw1 11 341.33 LE . M 2 ed - 1956 | ||
| 100 | 1 |
_aLenczowski, George _eAuthor. |
|
| 245 | 1 | 4 |
_aThe Middle East in World Affairs / _cBy George Lenczowski. |
| 250 | _aSecond Edition. | ||
| 264 | 1 |
_a New York : _bCornell University Press, _c1956. |
|
| 300 |
_a578 pages : _billustrations, _c24 cm. |
||
| 336 |
_2rda content _atext |
||
| 337 |
_2rda media _aComputer |
||
| 338 |
_2rda carrier _aOnline Resource |
||
| 504 | _aIncludes bibliographical references and index. | ||
| 504 | _aBibliography: pages 548-565. | ||
| 546 | _aText in English | ||
| 650 | 1 | 4 | _aPublic international law |
| 856 | 4 | 0 | _uhttps://fll.law.cu.edu.eg/fulltext/bks/B11-08843.pdf |
| 905 | _a48 | ||
| 942 |
_2ddc _cBK _e21 _n0 |
||
| 999 |
_c69047 _d69047 |
||